Effecacy of mulligan technque on functional outcome of frozen shoulder / (Record no. 45191)

MARC details
000 -LEADER
fixed length control field 01746cam a2200349 a 4500
003 - CONTROL NUMBER IDENTIFIER
control field EG-GiCUC
005 - DATE AND TIME OF LATEST TRANSACTION
control field 20250223030936.0
008 - FIXED-LENGTH DATA ELEMENTS--GENERAL INFORMATION
fixed length control field 140225s2013 ua dh f m 000 0 eng d
040 ## - CATALOGING SOURCE
Original cataloging agency EG-GiCUC
Language of cataloging eng
Transcribing agency EG-GiCUC
041 0# - LANGUAGE CODE
Language code of text/sound track or separate title eng
049 ## - LOCAL HOLDINGS (OCLC)
Holding library Deposite
097 ## - Thesis Degree
Thesis Level M.Sc
099 ## - LOCAL FREE-TEXT CALL NUMBER (OCLC)
Classification number Cai01.21.09.M.Sc.2013.Ah.E
100 0# - MAIN ENTRY--PERSONAL NAME
Personal name Ahmed Atteia Elbalouky
245 10 - TITLE STATEMENT
Title Effecacy of mulligan technque on functional outcome of frozen shoulder /
Statement of responsibility, etc. Ahmed Atteia Elbalouky ; Supervised Mohsen Elsayyad , Hassan Baraka , Haytham Elhafez
246 15 - VARYING FORM OF TITLE
Title proper/short title تاثير موليجان تيكنيك على الحالة الوظيفية لتجمد مفصل الكتف
260 ## - PUBLICATION, DISTRIBUTION, ETC.
Place of publication, distribution, etc. Cairo :
Name of publisher, distributor, etc. Ahmed Atteia Elbalouky ,
Date of publication, distribution, etc. 2013
300 ## - PHYSICAL DESCRIPTION
Extent 89 P. :
Other physical details charts , facsimiles ;
Dimensions 25cm
502 ## - DISSERTATION NOTE
Dissertation note Thesis (M.Sc.) - Cairo University - Faculty of Physical Therapy - Department of Basic Science
520 ## - SUMMARY, ETC.
Summary, etc. Background: Frozen shoulder is controversial by prediction and diagnostic criteria that are not sufficiently understood, many treament strategies are applied but there is a gap literature in efficacy of mulligan on adhesive capsulitis. purposes: the purpose of study is to investigate the effect of muligan technique on: shoulder ROM of flexion, abduction, external and internal rotation, level of pain and functional outcome of frozen shoulder patients
530 ## - ADDITIONAL PHYSICAL FORM AVAILABLE NOTE
Additional physical form available note Issued also as CD
653 #4 - INDEX TERM--UNCONTROLLED
Uncontrolled term Electrogoniometer
653 #4 - INDEX TERM--UNCONTROLLED
Uncontrolled term Frozen shoulder
653 #4 - INDEX TERM--UNCONTROLLED
Uncontrolled term Mulligan technque
700 0# - ADDED ENTRY--PERSONAL NAME
Personal name Hassan Baraka ,
Relator term
700 0# - ADDED ENTRY--PERSONAL NAME
Personal name Haytham Elhafez ,
Relator term
700 0# - ADDED ENTRY--PERSONAL NAME
Personal name Mohsen Elsayyad ,
Relator term
856 ## - ELECTRONIC LOCATION AND ACCESS
Uniform Resource Identifier <a href="http://172.23.153.220/th.pdf">http://172.23.153.220/th.pdf</a>
905 ## - LOCAL DATA ELEMENT E, LDE (RLIN)
Cataloger Aml
Reviser Cataloger
905 ## - LOCAL DATA ELEMENT E, LDE (RLIN)
Cataloger Nazla
Reviser Revisor
942 ## - ADDED ENTRY ELEMENTS (KOHA)
Source of classification or shelving scheme Dewey Decimal Classification
Koha item type Thesis
Holdings
Source of classification or shelving scheme Not for loan Home library Current library Date acquired Full call number Barcode Date last seen Koha item type Copy number
Dewey Decimal Classification   المكتبة المركزبة الجديدة - جامعة القاهرة قاعة الرسائل الجامعية - الدور الاول 11.02.2024 Cai01.21.09.M.Sc.2013.Ah.E 01010110061922000 22.09.2023 Thesis  
Dewey Decimal Classification   المكتبة المركزبة الجديدة - جامعة القاهرة مخـــزن الرســائل الجـــامعية - البدروم 11.02.2024 Cai01.21.09.M.Sc.2013.Ah.E 01020110061922000 22.09.2023 CD - Rom 61922.CD
Cairo University Libraries Portal Implemented & Customized by: Eng. M. Mohamady Contacts: new-lib@cl.cu.edu.eg | cnul@cl.cu.edu.eg
CUCL logo CNUL logo
© All rights reserved — Cairo University Libraries
CUCL logo
Implemented & Customized by: Eng. M. Mohamady Contact: new-lib@cl.cu.edu.eg © All rights reserved — New Central Library
CNUL logo
Implemented & Customized by: Eng. M. Mohamady Contact: cnul@cl.cu.edu.eg © All rights reserved — Cairo National University Library